[Event "Let's Play Chess!"]
[Site "http://www.queenalice.com/game.php?id=55707"]
[Date "2006.3.3"]
[Round "-"]
[White "kenanadu"]
[Black "marcel"]
[Result "0-1"]
[WhiteElo "1094"]
[BlackElo "1214"]

1. e4 e5 2. Qf3 f6 3. Bc4 Ne7 4. Nc3 c5 5. b3 Qa5 6. Bb5 a6 7. Be2 Nec6 8. a4
Nd4 9. Qd3 Nbc6 10. Ra2 Nb4 11. Qc4 Nxa2 12. Nxa2 b5 13. Qd5 Nc6 14. Bh5+ g6 15.
Bxg6+ hxg6 16. b4 cxb4 17. axb5 axb5 18. c3 bxc3 19. Nxc3 Qa1 20. Nxb5 Ra5 21.
Kd1 Ba6 22. Nc7+ Kd8 23. Na8 Ba3 24. Nb6 Qxc1# 0-1

[Event "Challenge"]
[Site "http://www.queenalice.com/game.php?id=55709"]
[Date "2006.3.3"]
[Round "-"]
[White "marcel"]
[Black "Astronauta"]
[Result "1-0"]
[WhiteElo "1247"]
[BlackElo "1421"]

1. e4 e5 2. Qh5 Nc6 3. Nc3 Nf6 4. Qd1 d5 5. d3 d4 6. Nd5 Nb4 7. a3 Nbxd5 8. exd5
Nxd5 9. g3 Nf6 10. Bg2 c6 11. Nf3 Bd6 12. O-O O-O 13. c4 c5 14. Nh4 Re8 15. b4
cxb4 16. Re1 Bg4 17. f3 Bh5 18. g4 Bg6 19. Rb1 a5 20. f4 exf4 21. g5 Rxe1+ 22.
Qxe1 Bxd3 23. Rb3 Bxc4 24. Rb2 Ng4 25. Qe4 g6 26. Qxd4 Ba6 27. Be4 Rc8 28. Rb1
1-0

[Event "AUTO-INT-80"]
[Site "http://www.queenalice.com/game.php?id=56781"]
[Date "2006.3.11"]
[Round "1"]
[White "marcel"]
[Black "GummiBear"]
[Result "1-0"]
[WhiteElo "1310"]
[BlackElo "1439"]

1. d4 Nf6 2. e3 d5 3. h3 Bf5 4. g4 Bg6 5. Nc3 Nc6 6. Nf3 e6 7. h4 Nxg4 8. Ng5
Bh5 9. Qf3 f6 10. Nxe6 Qd7 11. Qxd5 Qf7 12. Qxh5 1-0

[Event "AUTO-INT-80"]
[Site "http://www.queenalice.com/game.php?id=56782"]
[Date "2006.3.11"]
[Round "1"]
[White "GummiBear"]
[Black "marcel"]
[Result "0-1"]
[WhiteElo "1462"]
[BlackElo "1287"]

1. e4 e5 2. d4 Qh4 3. Nc3 exd4 4. Qxd4 Nc6 5. Qe3 Nf6 6. Nf3 Qg4 7. e5 Nh5 8.
Bd2 d6 9. exd6+ Kd7 10. Qe5 Nxe5 11. Nxe5+ Kxd6 12. Nxg4 Bxg4 0-1

[Event "AUTO-INT-80"]
[Site "http://www.queenalice.com/game.php?id=56783"]
[Date "2006.3.11"]
[Round "1"]
[White "marcel"]
[Black "orazio76"]
[Result "0-1"]
[WhiteElo "1331"]
[BlackElo "1580"]

1. e4 e5 2. Qh5 Nf6 3. Qxe5+ Be7 4. c3 d6 5. Qd4 Nc6 6. Qa4 d5 7. e5 Ne4 8. d3
Nc5 9. Qf4 b6 10. b4 Na4 11. Nf3 a5 12. b5 Na7 13. d4 Nxb5 14. Bxb5+ Bd7 15. c4
O-O 16. O-O dxc4 17. Bxc4 Be6 18. Nfd2 Bg5 19. Qe4 Bxd2 20. Bxd2 Bxc4 21. Rc1
Nb2 22. Na3 Bd5 23. Qc2 Nc4 24. Nxc4 Bxc4 25. Qxc4 Rc8 26. d5 Re8 27. Bc3 Qd7
28. g3 Rcd8 29. Rd1 b5 30. e6 fxe6 31. dxe6 Qxd1+ 32. Rxd1 Rxd1+ 33. Qf1 Rxf1+
34. Kxf1 Rxe6 35. Bxa5 c5 36. f4 Ra6 37. Bc7 Rxa2 38. h4 b4 39. Bd6 Rc2 40. Ke1
b3 41. Kd1 c4 42. Be5 Rg2 43. f5 b2 0-1

[Event "AUTO-INT-80"]
[Site "http://www.queenalice.com/game.php?id=56784"]
[Date "2006.3.11"]
[Round "1"]
[White "orazio76"]
[Black "marcel"]
[Result "0-1"]
[WhiteElo "1401"]
[BlackElo "1190"]

1. e4 Nf6 2. Bd3 d5 3. Nf3 e6 4. Ne5 h5 5. O-O dxe4 6. Bc4 Qd4 7. Bb5+ c6 8.
Nxf7 Kxf7 9. c3 Qe5 10. Bc4 b5 11. Bb3 Ng4 12. d4 Qxh2# 0-1

[Event "AUTO-INT-80"]
[Site "http://www.queenalice.com/game.php?id=56785"]
[Date "2006.3.11"]
[Round "1"]
[White "marcel"]
[Black "Altos"]
[Result "0-1"]
[WhiteElo "1255"]
[BlackElo "1404"]

1. e4 e6 2. d4 d5 3. Nc3 dxe4 4. Nxe4 Nf6 5. Nf3 Nxe4 6. Ne5 Bd6 7. Bd3 Bxe5 8.
dxe5 Nc5 9. O-O Nxd3 10. cxd3 Nc6 11. Re1 b6 12. Qf3 Bb7 13. Be3 Qxd3 14. Rad1
Qb5 15. b3 O-O 16. a4 Qxb3 17. Qg4 g6 18. Bh6 Rfd8 19. g3 Rxd1 20. Rxd1 Nxe5 21.
Qd4 Nf3+ 22. Kg2 Nxd4+ 23. Kg1 Qxd1# 0-1

[Event "AUTO-INT-80"]
[Site "http://www.queenalice.com/game.php?id=56786"]
[Date "2006.3.11"]
[Round "1"]
[White "Altos"]
[Black "marcel"]
[Result "0-1"]
[WhiteElo "1514"]
[BlackElo "1325"]

1. e4 Nf6 2. Nc3 e5 3. Bc4 Nc6 4. Nf3 h6 5. d4 a6 6. d5 Na5 7. Bd3 Bc5 8. O-O b5
9. Nxe5 Qe7 10. Bf4 d6 11. Nf3 O-O 12. h3 Bd7 13. a3 Nh5 14. Ne2 Qf6 15. Bd2 Bb6
16. b4 Nb7 17. c4 c6 18. cxb5 cxb5 19. Bc3 Qd8 20. Bd4 a5 21. Bxb6 Qxb6 22. bxa5
Rxa5 23. Ned4 b4 24. axb4 Qxb4 25. Rxa5 Nxa5 26. Bc2 Nc4 27. Ne2 f5 28. Qb1 Qa5
29. Qb3 Rc8 30. Bd1 fxe4 31. Nfd4 Qxd5 32. Bc2 Nf6 33. Qg3 Ne5 34. Bb3 Nc4 35.
Bxc4 Rxc4 36. Qe3 g5 37. Rd1 Bb5 38. Qb3 Ba4 39. Qb8+ Ne8 40. Rd2 Qa5 41. Nb3
Bxb3 42. Qxb3 d5 43. Ra2 Qd8 44. Rc2 Nd6 45. Rxc4 dxc4 46. Qb4 h5 47. Nd4 Qc7
48. Ne6 Qc6 49. Nxg5 c3 50. Qb1 c2 51. Qc1 Nb5 52. Kf1 Qc4+ 53. Ke1 Nd4 0-1

[Event "Challenge"]
[Site "http://www.queenalice.com/game.php?id=62799"]
[Date "2006.4.12"]
[Round "-"]
[White "rbaraldi"]
[Black "marcel"]
[Result "1-0"]
[WhiteElo "1478"]
[BlackElo "1318"]

1. e4 Nf6 2. d3 Nc6 3. Nf3 e5 4. Be2 Bc5 5. c3 O-O 6. b4 Bb6 7. Ba3 d6 8. Qd2
Ng4 9. O-O a5 10. h3 Nf6 11. Kh1 d5 12. b5 Ne7 13. Nxe5 d4 14. Ng4 h5 15. Ne5 c5
16. bxc6 Qc7 17. f4 bxc6 18. c4 a4 19. c5 Ba5 20. Qc1 g5 21. Qc4 gxf4 22. Qxd4
Nd7 23. Nc4 f5 24. e5 h4 25. Rxf4 Ng6 26. Rf1 Ba6 27. Bh5 Ngxe5 28. Nd6 Bxd3 29.
Re1 Bxe1 30. Nc3 Bxc3 31. Qxc3 Qb8 32. Bb2 f4 33. Qd2 Qa7 34. Bxe5 Nxe5 35. Qc3
f3 36. Bxf3 Nxf3 37. Qxd3 Qxc5 38. gxf3 Rad8 39. Qg6+ Kh8 40. Nb7 Qc3 41. Qh5+
Kg7 42. Rg1+ Kf6 43. Qxh4+ Ke5 44. Nxd8 Qxf3+ 45. Rg2 Rg8 46. Nxc6+ Qxc6 47.
Qh5+ Kf6 48. Qh6+ 1-0

[Event "Challenge"]
[Site "http://www.queenalice.com/game.php?id=66325"]
[Date "2006.5.2"]
[Round "-"]
[White "ycalen"]
[Black "marcel"]
[Result "1-0"]
[WhiteElo "1582"]
[BlackElo "1337"]

1. e4 Nf6 2. e5 Ne4 3. Qf3 Ng5 4. Qf5 e6 5. Qg4 f5 6. exf6 gxf6 7. Qh5+ Nf7 8.
d3 e5 9. g3 b6 10. Bg2 c6 11. Ne2 Bc5 12. O-O Rg8 13. Qxh7 Rh8 14. Qg6 d6 15.
Bf3 Be6 16. Re1 Nd7 17. Bxc6 Rc8 18. Bxd7+ Qxd7 19. Qxf6 Bd5 20. Nf4 Bf3 21. h4
Rh6 22. Ng6 Bd5 23. Bxh6 Rc7 24. Nf4 Qf5 25. Qxf5 Nxh6 26. Qg6+ Kd8 27. Nxd5 Rf7
28. Qg5+ Kc8 29. Rf1 Nf5 30. Qg8+ 1-0

[Event "Challenge"]
[Site "http://www.queenalice.com/game.php?id=67070"]
[Date "2006.5.5"]
[Round "-"]
[White "marcel"]
[Black "papiro"]
[Result "0-1"]
[WhiteElo "1331"]
[BlackElo "1518"]

1. e4 e5 2. Qh5 Nc6 3. Bc4 Qe7 4. Nf3 g6 5. Qh3 d5 6. Qg3 dxc4 7. Nc3 Nb4 8. O-O
Nxc2 9. Rb1 Bg7 10. d4 exd4 11. Nb5 Kd8 12. Rd1 d3 13. b3 a6 14. Nc3 Bxc3 15. e5
Na3 16. Bxa3 Qxa3 17. Ng5 Nh6 18. Qh4 Qf8 19. Qxc4 Bxe5 20. Qd5+ Qd6 21. Rxd3
Qxd5 22. Rxd5+ Bd6 23. g3 f6 24. Ne4 Bf5 25. Re1 Re8 26. f3 Kc8 27. g4 Bxe4 28.
fxe4 Nxg4 29. h3 Ne5 30. Rf1 Rf8 31. h4 Ng4 32. a3 Ne3 33. Rfd1 Nxd1 34. Rxd1
Bxa3 0-1

[Event "Challenge"]
[Site "http://www.queenalice.com/game.php?id=67071"]
[Date "2006.5.5"]
[Round "-"]
[White "marcel"]
[Black "Gand"]
[Result "0-1"]
[WhiteElo "1341"]
[BlackElo "1568"]

1. e4 e5 2. Qh5 Nc6 3. Bc4 Qe7 4. Nf3 Nf6 5. Qh4 Qb4 6. b3 Bc5 7. c3 Qb6 8. O-O
O-O 9. b4 Be7 10. d3 d5 11. exd5 Nxd5 12. Qe4 Nf6 13. Qe2 Bg4 14. d4 e4 15. d5
exf3 16. gxf3 Bh3 17. Re1 Nxb4 18. cxb4 Bxb4 19. Nd2 Rfe8 20. Qd1 Rxe1+ 21. Qxe1
Bc3 22. Rb1 Qxb1 23. Nxb1 Bxe1 24. Bf4 Re8 25. Bxc7 Bb4 26. a3 Re1+ 27. Bf1
Rxf1# 0-1

[Event "Challenge"]
[Site "http://www.queenalice.com/game.php?id=67072"]
[Date "2006.5.5"]
[Round "-"]
[White "marcel"]
[Black "ktk"]
[Result "0-1"]
[WhiteElo "1349"]
[BlackElo "1455"]

1. e4 c5 2. Nf3 Nc6 3. d4 cxd4 4. Nxd4 e5 5. Nf3 Nf6 6. Nc3 Bb4 7. a3 Bxc3+ 8.
bxc3 d6 9. Bc4 Nxe4 10. O-O Nxc3 11. Qd3 Na4 12. Qd5 Be6 13. Qb5 Nb6 14. Bd3 Bd5
15. Re1 h6 16. a4 O-O 17. a5 Bxf3 18. gxf3 Nd4 19. Qb3 Nxb3 20. cxb3 Nd5 21. Be4
Nf4 22. a6 Qg5+ 0-1

[Event "Challenge"]
[Site "http://www.queenalice.com/game.php?id=73117"]
[Date "2006.5.31"]
[Round "-"]
[White "vult0"]
[Black "marcel"]
[Result "1-0"]
[WhiteElo "1611"]
[BlackElo "1322"]

1. e4 e5 2. Nf3 Nc6 3. d4 f6 4. d5 Nd4 5. c3 Nxf3+ 6. Qxf3 d6 7. Bd3 h6 8. c4 g6
9. Nc3 Bd7 10. Be3 g5 11. Qh5+ Ke7 12. c5 Qe8 13. Qe2 Kd8 14. c6 bxc6 15. dxc6
Bxc6 16. O-O h5 17. Rac1 Ne7 18. Ba6 Rb8 19. b3 g4 20. g3 f5 21. Bg5 Bh6 22.
Bxh6 Rxh6 23. Qe3 d5 24. Qxh6 f4 25. Rcd1 f3 26. Qg5 Rb6 27. Bc4 Bd7 28. Nxd5
Rg6 29. Qxe5 Nxd5 30. Qxd5 Rd6 31. Qa8+ Ke7 32. Qxa7 Qc8 33. Rxd6 cxd6 34. Re1
h4 35. e5 dxe5 36. Rxe5+ Kd6 37. Qd4+ Kc7 38. Rc5+ Bc6 39. Bb5 1-0

[Event "18"]
[Site "http://www.queenalice.com/game.php?id=78789"]
[Date "2006.6.21"]
[Round "-"]
[White "marcel"]
[Black "Jsouza"]
[Result "1-0"]
[WhiteElo "1314"]
[BlackElo "1581"]

1. e4 e6 2. d4 d5 3. Nc3 Bb4 4. Nf3 dxe4 5. Ne5 Nf6 6. a3 Bxc3+ 7. bxc3 O-O 8.
Be2 h6 9. O-O Nbd7 10. c4 c6 11. c5 Nxe5 12. dxe5 Nd5 13. Bd2 b6 14. c4 1-0